header

Interpreting qualitative data : (Record no. 255350)

MARC details
000 -LEADER
fixed length control field 01044cam a2200325 a 4500
001 - CONTROL NUMBER
control field 16623246
003 - CONTROL NUMBER IDENTIFIER
control field OSt
005 - DATE AND TIME OF LATEST TRANSACTION
control field 20170207105304.0
008 - FIXED-LENGTH DATA ELEMENTS--GENERAL INFORMATION
fixed length control field 110125s2011 caua b 001 0 eng
010 ## - LIBRARY OF CONGRESS CONTROL NUMBER
LC control number 2011921527
020 ## - INTERNATIONAL STANDARD BOOK NUMBER
International Standard Book Number 9780857024206 (hardbound)
International Standard Book Number 9780857024213 (pbk.)
040 ## - CATALOGING SOURCE
Original cataloging agency DLC
Transcribing agency DLC
Modifying agency DLC
042 ## - AUTHENTICATION CODE
Authentication code pcc
050 00 - LIBRARY OF CONGRESS CALL NUMBER
Classification number HM571
Item number .S53 2011
082 00 - DEWEY DECIMAL CLASSIFICATION NUMBER
Classification number 301.01
Edition number 23
100 1# - MAIN ENTRY--PERSONAL NAME
Personal name Silverman, David,
Dates associated with a name 1943-
245 10 - TITLE STATEMENT
Title Interpreting qualitative data :
Remainder of title a guide to the principles of qualitative research /
Statement of responsibility, etc David Silverman.
250 ## - EDITION STATEMENT
Edition statement 4th ed.
260 ## - PUBLICATION, DISTRIBUTION, ETC. (IMPRINT)
Place of publication, distribution, etc Los Angeles :
Name of publisher, distributor, etc Sage,
Date of publication, distribution, etc 2011.
300 ## - PHYSICAL DESCRIPTION
Extent xv, 500 p. :
Other physical details ill. ;
Dimensions 24 cm.
504 ## - BIBLIOGRAPHY, ETC. NOTE
Bibliography, etc Includes bibliographical references (p. [473]-490) and indexes.
650 #0 - SUBJECT ADDED ENTRY--TOPICAL TERM
Topical term or geographic name as entry element Sociology
General subdivision Research.
Topical term or geographic name as entry element Sociology
General subdivision Methodology.
Topical term or geographic name as entry element Social sciences
General subdivision Research.
Topical term or geographic name as entry element Discourse analysis.
906 ## - LOCAL DATA ELEMENT F, LDF (RLIN)
a 7
b cbc
c orignew
d 2
e epcn
f 20
g y-gencatlg
942 ## - ADDED ENTRY ELEMENTS (KOHA)
Source of classification or shelving scheme Library of Congress Classification
Koha item type Long Loan Books
Holdings
Withdrawn status Lost status Source of classification or shelving scheme Damaged status Not for loan Home library Current library Date acquired Total Checkouts Full call number Date last seen Price effective from Koha item type
    Library of Congress Classification     Rongo University Library Rongo University Library 07/02/2017   HM571 .S53 2011 07/02/2017 07/02/2017 Long Loan Books

© 2026 Rongo University
Contact us: librarian | system librarian | Rongo university